Lorenzo Perosi
Uloženo v:
| Hlavní autor: | |
|---|---|
| Médium: | Kniha |
| Jazyk: | italština |
| Vydáno: |
Roma
Edizioni Paoline
1952
|
| Témata: | |
| Tagy: |
Přidat tag
Žádné tagy, Buďte první, kdo vytvoří štítek k tomuto záznamu!
|
MARC
| LEADER | 00000nam a2200000 a 4500 | ||
|---|---|---|---|
| 001 | UCW2445 | ||
| 003 | CL-VaPUC | ||
| 005 | 20231113113848.0 | ||
| 008 | 900529e19520000IT |||||||||||||||||ita|d | ||
| 999 | |c 216995 |d 216993 | ||
| 040 | |c Pontificia Universidad Católica de Valparaíso | ||
| 082 | 0 | 4 | |a 780.92 PAG 1952 |2 21 |
| 100 | |a Paglialunga, Arcangelo |e autore |9 306587 | ||
| 245 | 1 | 0 | |a Lorenzo Perosi |
| 260 | |a Roma |b Edizioni Paoline |c 1952 | ||
| 300 | |a 411 p | ||
| 583 | |a last modification |c 19900529 00:00:00 |k Rodrigo Vera | ||
| 600 | 0 | |a Perosi, Lorenzo, |d 1872-1956 |9 306588 | |
| 650 | 0 | |9 329309 |a Compositores italianos | |
| 650 | 0 | |9 306656 |a Música sacra | |
| 942 | |c BK |2 ddc | ||
| 945 | |d 19900529 00:00:00 | ||
| 952 | |0 0 |1 0 |4 0 |6 780_920000000000000_PAG_1952 |7 0 |8 A |9 203471 |a BIBEDU |b BIBEDU |d 2019-11-15 |i 2706989 |o 780.92 PAG 1952 |p 2706989 |r 2023-01-12 |w 2019-11-15 |y BK |k MUS | ||